[Event "Surrey Novice B U100"]
[Site "Sutton"]
[Date "1994.04.??"]
[Round "?"]
[White "Jones, David A (Surrey)"]
[Black "Upton, William E"]
[Result "1-0"]
[WhiteElo "1328"]
[BlackElo "1208"]
[PlyCount "87"]
[EventDate "1994.04.03"]
[EventType "swiss"]
[EventRounds "5"]
[EventCountry "ENG"]
[SourceTitle "BritBase"]
[Source "John Saunders"]
[SourceDate "2025.11.05"]
[SourceVersion "1"]
[SourceVersionDate "2025.11.05"]
[SourceQuality "1"]

1. e4 c6 2. d4 d5 3. exd5 cxd5 4. c4 Nf6 5. Nc3 Nc6 6. Nf3 Bf5 7. Qb3 Na5 8. Qd1 e6 9. Qa4+ Nc6 10. cxd5 Nxd5 11. Bb5 Bd6 12. Bxc6+ bxc6 13. Qxc6+ Ke7 14. Nxd5+ exd5 15. O-O Re8 16. Re1+ Kf8 17. Rxe8+ Qxe8 18. Qxd6+ Kg8 19. Qxd5 Be4 20. Qe5 Qc6 21. Nh4 Re8 22. Qg3 Qc2 23. h3 Qa4 24. Be3 g6 25. b3 Qa3 26. Qg5 f5 27. Qf6 Rb8 28. Bh6 Rb7 29. Qd8+ Kf7 30. Re1 Qe7 31. Qxe7+ Kxe7 32. f3 Kf6 33. fxe4 fxe4 34. Rxe4 g5 35. d5 gxh4 36. d6 Rd7 37. Rd4 Ke5 38. Rxh4 Kxd6 39. Rd4+ Kc7 40. Rxd7+ Kxd7 41. Be3 a6 42. b4 Ke6 43. a4 h5 44. g4 1-0